000 01098nam a22002177a 4500
999 _c59860
_d59860
003 Ge_BSU
005 20230501152007.0
008 230501s2000 ge ||||| |||| 00| 0 geo d
020 _a15120716
041 _ageo
080 _a069.02(479.223) ბ-17
245 _aბათუმის არქეოლოგიური მუზეუმი :
_bშრომები=Труды=The Works. ტ.1 /
_cმთავარი რედ. ამირან კახიძე; რედ. შ. მამულაძე, ს. გოგიტიძე და სხვ.
264 _aბათუმი,
_c2000.
300 _a124 გვ.:
_bილ.;
_c29 სმ.
504 _aბიბლიოგრ. თავების ბოლოს
653 _aარქეოლოგია
700 _aკახიძე, ამირან
_eმთავარი რედაქტორი
_917883
700 _aმამულაძე, შ.
_eრედაქტორი
_917884
700 _aგოგიტიძე, ს. და სხვ.
_eრედაქტორი
_917885
942 _2udc
_cBK